[Event "1st FIDE OWCCCC Pools-East 2021"]
[Site "Online"]
[Date "2021.02.19"]
[Round "1.6"]
[White "Jirka, Jiri"]
[Black "Yekeler, Omer"]
[Result "1-0"]
[WhiteElo "2392"]
[BlackElo "1398"]
[Annotator "NA"]
[PlyCount "69"]
[EventDate "2021.02.19"]
[EventType "team-tourn"]
[EventCountry "NET"]
[SourceTitle "playchess.com"]
[Source "ChessBase"]
[SourceQuality "1"]

1. d4 Nf6 2. c4 e6 3. g3 Bb4+ 4. Bd2 Bxd2+ 5. Qxd2 d5 6. Bg2 c6 7. Nf3 O-O 8. O-O b6 9. b3 Bb7 10. Rd1 Nbd7 11. Nc3 Rc8 12. Rac1 Re8 13. Qb2 e5 14. dxe5 Nxe5 15. Nxe5 Rxe5 16. Nxd5 Re6 17. Nxf6+ Qxf6 18. Qxf6 Rxf6 19. Rd7 Rb8 20. Rcd1 h6 21. Rd8+ Rxd8 22. Rxd8+ Kh7 23. Be4+ g6 24. Rd7 Bc8 25. Rxa7 c5 26. Bd5 Kg7 27. Kg2 Bf5 28. e4 Bc8 29. e5 Rf5 30. Rc7 Ba6 31. e6 Re5 32. Rxf7+ Kg8 33. Ra7 Bxc4 34. bxc4 Kf8 35. Rb7 1-0

[Event "1st FIDE OWCCCC Pools-East 2021"]
[Site "Online"]
[Date "2021.02.19"]
[Round "1.6"]
[White "Miroslaw, Michal"]
[Black "Karimov, Samir"]
[Result "1-0"]
[WhiteElo "2269"]
[BlackElo "1790"]
[Annotator "NA"]
[PlyCount "63"]
[EventDate "2021.02.19"]
[EventType "team-tourn"]
[EventCountry "NET"]
[SourceTitle "playchess.com"]
[Source "ChessBase"]
[SourceQuality "1"]

1. e4 g6 2. d4 Bg7 3. Nf3 d6 4. Nc3 Nd7 5. Be3 Ngf6 6. Qd2 Ng4 7. Bg5 h6 8. Bh4 c6 9. h3 Ngf6 10. e5 dxe5 11. dxe5 Nd5 12. Nxd5 cxd5 13. Qxd5 O-O 14. O-O-O g5 15. Bg3 e6 16. Qd4 Qa5 17. Bc4 b5 18. Bb3 b4 19. h4 g4 20. Qxg4 Nc5 21. Kb1 Nxb3 22. cxb3 Ba6 23. Bf4 Kh8 24. Qh5 Rad8 25. Bxh6 Bd3+ 26. Rxd3 Rxd3 27. Bxg7+ Kxg7 28. Qg4+ Kh8 29. Ng5 Kg7 30. Nxe6+ Kh6 31. Qg5+ Kh7 32. Qg7# 1-0

[Event "1st FIDE OWCCCC Pools-East 2021"]
[Site "Online"]
[Date "2021.02.19"]
[Round "1.6"]
[White "Upadhyayula, Sameer Kumar"]
[Black "Vasilov, Artur"]
[Result "0-1"]
[WhiteElo "1587"]
[BlackElo "2266"]
[Annotator "NA"]
[PlyCount "74"]
[EventDate "2021.02.19"]
[EventType "team-tourn"]
[EventCountry "NET"]
[SourceTitle "playchess.com"]
[Source "ChessBase"]
[SourceQuality "1"]

1. Nf3 Nf6 2. g3 b6 3. Bg2 Bb7 4. O-O e6 5. d3 d5 6. Nbd2 Be7 7. Re1 O-O 8. e4 c5 9. c3 dxe4 10. dxe4 Nxe4 11. Nxe4 Qxd1 12. Rxd1 Bxe4 13. Bf4 Nc6 14. Re1 Bd5 15. b3 Rad8 16. Rad1 Bf6 17. c4 Bxf3 18. Bxf3 Rxd1 19. Rxd1 Nd4 20. Bg2 Rd8 21. Rd2 Kf8 22. h4 Ke7 23. Kf1 h6 24. Be3 Nf5 25. Rxd8 Kxd8 26. Ke2 Bd4 27. Bf4 e5 28. Bd2 Nd6 29. f4 Ke7 30. fxe5 Bxe5 31. Bf4 Bxf4 32. gxf4 Nf5 33. Be4 Nxh4 34. a3 f5 35. Bd3 g5 36. fxg5 hxg5 37. b4 Ke6 0-1

[Event "1st FIDE OWCCCC Pools-East 2021"]
[Site "Online"]
[Date "2021.02.19"]
[Round "1.6"]
[White "Okragly, Milosz"]
[Black "Stefanova, Antoaneta"]
[Result "0-1"]
[WhiteElo "1506"]
[BlackElo "2470"]
[Annotator "ChessBase"]
[PlyCount "116"]
[EventDate "2021.02.19"]
[EventType "team-tourn"]
[EventCountry "NET"]
[SourceTitle "playchess.com"]
[Source "ChessBase"]
[SourceQuality "1"]

1. e4 c6 2. d4 d5 3. e5 c5 4. Bb5+ Nc6 5. c3 Qa5 6. Qa4 Qxa4 7. Bxa4 cxd4 8. cxd4 Bd7 9. Nf3 Nxe5 10. Bxd7+ Nxd7 11. O-O e6 12. Be3 Bd6 13. Nbd2 Ne7 14. Rac1 Nf5 15. Rc2 Nxe3 16. fxe3 f5 17. Rfc1 Ke7 18. Nb1 h6 19. Nc3 a6 20. Ne2 g5 21. h4 Rhg8 22. h5 Rad8 23. Kf2 Nf6 24. Rh1 Ng4+ 25. Ke1 Nxe3 26. Rc1 Nxg2+ 27. Kf2 Nf4 28. Ne5 Bxe5 29. dxe5 Nd3+ 30. Ke3 Nxc1 31. Rxc1 Rc8 32. Rd1 Rc2 33. Rd2 f4+ 34. Kd3 Rxd2+ 35. Kxd2 Rf8 36. Kd3 f3 37. Ng3 f2 38. Ke2 d4 39. Nf1 g4 40. b3 Rf3 41. Nd2 d3+ 42. Kf1 Rf5 43. Ne4 Rf4 44. Nd2 g3 45. a4 Kd7 46. Kg2 Kc6 47. b4 Rg4 48. Kf3 g2 49. Kxg4 g1=Q+ 50. Kf3 f1=Q+ 51. Nxf1 Qxf1+ 52. Ke3 Qe2+ 53. Kd4 d2 54. b5+ axb5 55. Kc3 d1=Q 56. axb5+ Kd5 57. Kb4 Qb1+ 58. Ka5 Qexb5# 0-1

[Event "1st FIDE OWCCCC Pools-East 2021"]
[Site "Online"]
[Date "2021.02.19"]
[Round "1.6"]
[White "Yarwood, Benjamin"]
[Black "Pancevski, Filip"]
[Result "0-1"]
[WhiteElo "1470"]
[BlackElo "2519"]
[Annotator "ChessBase"]
[PlyCount "106"]
[EventDate "2021.02.19"]
[EventType "team-tourn"]
[EventCountry "NET"]
[SourceTitle "playchess.com"]
[Source "ChessBase"]
[SourceQuality "1"]

1. e4 d6 2. d4 Nf6 3. Nc3 e5 4. dxe5 dxe5 5. Qxd8+ Kxd8 6. Bc4 Ke8 7. Bg5 Bd6 8. Bxf6 gxf6 9. Nd5 Nd7 10. O-O-O c6 11. Ne3 Bc5 12. Nf3 Bxe3+ 13. fxe3 Nc5 14. Bd3 Rg8 15. Rhg1 a5 16. Nh4 Rg4 17. Nf5 Bxf5 18. exf5 Ke7 19. Rd2 Rag8 20. a3 a4 21. g3 R4g5 22. e4 Rd8 23. Rgd1 Rd6 24. Kb1 Rg4 25. Re1 Nxe4 26. Rg2 Nc5 27. Be2 Re4 28. Rgg1 Rd2 29. Bd3 Rxe1+ 30. Rxe1 Rxh2 31. Ka2 Rg2 32. Re3 Rf2 33. g4 Rg2 34. Be2 Rh2 35. b4 axb3+ 36. cxb3 Nd3 37. a4 Nc1+ 38. Ka3 Nxe2 39. Rd3 Nd4 40. Re3 Nc2+ 41. Kb2 Nxe3+ 42. Kc3 Nxg4 43. Kc4 Rb2 44. b4 Ne3+ 45. Kc5 Nxf5 46. b5 e4 47. Kb6 e3 48. Kxb7 cxb5 49. axb5 e2 50. Kc6 e1=Q 51. b6 Qe6+ 52. Kb7 Qxb6+ 53. Kc8 Qb7# 0-1

[Event "1st FIDE OWCCCC Pools-East 2021"]
[Site "Online"]
[Date "2021.02.19"]
[Round "1.7"]
[White "Dimovski, Nikola"]
[Black "Roger_"]
[Result "1-0"]
[WhiteElo "2405"]
[BlackElo "1289"]
[Annotator "NA"]
[PlyCount "45"]
[EventDate "2021.02.19"]
[EventType "team-tourn"]
[EventCountry "NET"]
[SourceTitle "playchess.com"]
[Source "ChessBase"]
[SourceQuality "1"]

1. Nf3 c5 2. b3 d6 3. Bb2 Nf6 4. e3 Nc6 5. d4 cxd4 6. exd4 d5 7. h3 Bf5 8. Be2 e6 9. O-O Nb4 10. Na3 Bd6 11. c3 Nc6 12. Nc2 O-O 13. Ne3 Bg6 14. c4 dxc4 15. Nxc4 Be7 16. Nce5 Nxe5 17. Nxe5 Bf5 18. Bf3 Rb8 19. a3 Bd6 20. Re1 Qc7 21. Rc1 Qd8 22. b4 Nd7 23. Qa4 1-0

[Event "1st FIDE OWCCCC Pools-East 2021"]
[Site "Online"]
[Date "2021.02.19"]
[Round "1.7"]
[White "Von Krogh, Christopher"]
[Black "Ivanovic, Filip G"]
[Result "1-0"]
[WhiteElo "2223"]
[BlackElo "1389"]
[Annotator "NA"]
[PlyCount "61"]
[EventDate "2021.02.19"]
[EventType "team-tourn"]
[EventCountry "NET"]
[SourceTitle "playchess.com"]
[Source "ChessBase"]
[SourceQuality "1"]

1. d4 e6 2. Nf3 Nf6 3. c4 b6 4. Nc3 Bb7 5. a3 d5 6. Bf4 dxc4 7. e3 Ba6 8. Ne5 Bd6 9. Qf3 Bxe5 10. Qxa8 Bxf4 11. exf4 O-O 12. Rd1 Nd5 13. Be2 Nxf4 14. O-O Nxe2+ 15. Nxe2 Qd5 16. Qxd5 exd5 17. Nc3 c6 18. Rfe1 Nd7 19. Re7 Rd8 20. Rde1 Kf8 21. f3 Bc8 22. Kf2 a5 23. R7e3 Nf6 24. g4 Be6 25. h3 h6 26. Ne2 h5 27. g5 Nh7 28. g6 fxg6 29. Rxe6 Ng5 30. Rxg6 Nxh3+ 31. Kg2 1-0

[Event "1st FIDE OWCCCC Pools-East 2021"]
[Site "Online"]
[Date "2021.02.19"]
[Round "1.7"]
[White "Komendatyan, Artyom"]
[Black "Manukonda Arun"]
[Result "1-0"]
[WhiteElo "2195"]
[BlackElo "2033"]
[Annotator "NA"]
[PlyCount "47"]
[EventDate "2021.02.19"]
[EventType "team-tourn"]
[EventCountry "NET"]
[SourceTitle "playchess.com"]
[Source "ChessBase"]
[SourceQuality "1"]

1. c4 c6 2. d4 d5 3. Nc3 Nf6 4. cxd5 cxd5 5. Bf4 Nc6 6. e3 a6 7. Bd3 e6 8. Nf3 Bd6 9. Bg5 O-O 10. O-O h6 11. Bh4 Be7 12. Rc1 Bd7 13. Bb1 Rc8 14. Qd3 Nb4 15. Qd2 b5 16. Ne5 Be8 17. a3 Nc6 18. Qd3 g6 19. f4 Nxe5 20. fxe5 Nd7 21. Bxe7 Qxe7 22. Nxd5 Qd8 23. Rxc8 Qxc8 24. Ne7+ 1-0

[Event "1st FIDE OWCCCC Pools-East 2021"]
[Site "Online"]
[Date "2021.02.19"]
[Round "1.7"]
[White "Ibishov, Javid"]
[Black "tomsun"]
[Result "0-1"]
[WhiteElo "846"]
[BlackElo "1894"]
[Annotator "NA"]
[PlyCount "80"]
[EventDate "2021.02.19"]
[EventType "team-tourn"]
[EventCountry "NET"]
[SourceTitle "playchess.com"]
[Source "ChessBase"]
[SourceQuality "1"]

1. d4 d6 2. e4 g6 3. Nc3 Bg7 4. Nf3 Nf6 5. Bd3 O-O 6. O-O Nbd7 7. Bg5 c6 8. Re1 e5 9. dxe5 dxe5 10. a3 b5 11. b4 a5 12. Ne2 Qe7 13. c3 Nb6 14. Ng3 Rd8 15. Qc2 Bg4 16. Be2 h6 17. Be3 Na4 18. h3 Bc8 19. Kh2 Bd7 20. Rh1 c5 21. Rab1 Rdc8 22. Qd2 cxb4 23. axb4 Nxc3 24. Bc5 Qe8 25. Qxc3 axb4 26. Qxb4 Ra4 27. Qc3 Nxe4 28. Nxe4 Rxe4 29. Bd3 Ra4 30. Rbc1 e4 31. Qb3 exf3 32. gxf3 Qe5+ 33. Kg2 Rxc5 34. Bxg6 Be6 35. Rxc5 Qxc5 36. Bxf7+ Bxf7 37. Qd3 Qg5+ 38. Kf1 Bc4 39. Qxc4+ bxc4 40. Rg1 Ra1+ 0-1

[Event "1st FIDE OWCCCC Pools-East 2021"]
[Site "Online"]
[Date "2021.02.19"]
[Round "1.7"]
[White "Aktug, Ecegul"]
[Black "Studnicka, Tomas"]
[Result "0-1"]
[WhiteElo "591"]
[BlackElo "2351"]
[Annotator "ChessBase"]
[PlyCount "52"]
[EventDate "2021.02.19"]
[EventType "team-tourn"]
[EventCountry "NET"]
[SourceTitle "playchess.com"]
[Source "ChessBase"]
[SourceQuality "1"]

1. e4 c5 2. Nf3 Nc6 3. d4 cxd4 4. Bc4 Nf6 5. Na3 e6 6. Bf4 Bb4+ 7. Kf1 O-O 8. Nb5 a6 9. Nd6 Nh5 10. Bg5 f6 11. Bh4 Bxd6 12. g4 Nf4 13. g5 Ng6 14. Rg1 Nxh4 15. Nxh4 Ne5 16. Bb3 fxg5 17. f4 Rxf4+ 18. Ke1 Rxh4 19. Qxd4 Nf3+ 20. Kf2 Nxd4 21. c3 Nxb3 22. Rad1 Qf6+ 23. Ke3 Qf4+ 24. Ke2 Rxh2+ 25. Ke1 Qe3+ 26. Kf1 Rf2# 0-1

[Event "1st FIDE OWCCCC Pools-East 2021"]
[Site "Online"]
[Date "2021.02.19"]
[Round "1.8"]
[White "Sridhar V"]
[Black "Rjanova, Valery"]
[Result "0-1"]
[WhiteElo "1122"]
[BlackElo "2178"]
[Annotator "NA"]
[PlyCount "56"]
[EventDate "2021.02.19"]
[EventType "team-tourn"]
[EventCountry "NET"]
[SourceTitle "playchess.com"]
[Source "ChessBase"]
[SourceQuality "1"]

1. d4 g6 2. e4 Bg7 3. Nc3 c5 4. Be3 cxd4 5. Bxd4 Nf6 6. f3 Nc6 7. Be3 O-O 8. Qd2 Qa5 9. Nge2 b5 10. Nc1 b4 11. Nb5 a6 12. Nb3 Qd8 13. N5d4 Nxd4 14. Nxd4 a5 15. Bd3 d5 16. e5 Ne8 17. f4 Ba6 18. O-O Nc7 19. f5 Bxd3 20. cxd3 Ra6 21. Bh6 Nb5 22. f6 exf6 23. exf6 Bxh6 24. Qxh6 Rxf6 25. Rxf6 Qxf6 26. Nxb5 Qb6+ 27. Kh1 Qxb5 28. Rf1 Qxd3 0-1

[Event "1st FIDE OWCCCC Pools-East 2021"]
[Site "Online"]
[Date "2021.02.19"]
[Round "1.8"]
[White "Zajaczkowski, Nathalie"]
[Black "Stojkovska, Monika"]
[Result "0-1"]
[WhiteElo "549"]
[BlackElo "2106"]
[Annotator "TA"]
[PlyCount "58"]
[EventDate "2021.02.19"]
[EventType "team-tourn"]
[EventCountry "NET"]
[SourceTitle "playchess.com"]
[Source "ChessBase"]
[SourceQuality "1"]

1. e4 c5 2. Nf3 d6 3. d3 Nc6 4. Nc3 g6 5. Nd2 e5 6. Nc4 a6 7. Be2 b5 8. Ne3 Nge7 9. O-O Bg7 10. Ncd5 O-O 11. c3 f5 12. exf5 Nxf5 13. Ng4 Be6 14. b3 Bxd5 15. c4 Be6 16. Qd2 Ncd4 17. Bd1 h5 18. Ne3 Qg5 19. Qa5 Qd8 20. Qxd8 Raxd8 21. Bb2 Nxe3 22. fxe3 Rxf1+ 23. Kxf1 Rf8+ 24. Bf3 Nxf3 25. gxf3 Rxf3+ 26. Ke2 Bg4 27. Rf1 Rh3+ 28. Kd2 Rxh2+ 29. Kc3 b4# 0-1

[Event "1st FIDE OWCCCC Pools-East 2021"]
[Site "Online"]
[Date "2021.02.19"]
[Round "1.9"]
[White "Radzio"]
[Black "mpchess"]
[Result "1-0"]
[WhiteElo "2662"]
[BlackElo "1684"]
[Annotator "TA"]
[PlyCount "49"]
[EventDate "2021.02.19"]
[EventType "team-tourn"]
[EventCountry "NET"]
[SourceTitle "playchess.com"]
[Source "ChessBase"]
[SourceQuality "1"]

1. e4 c5 2. Nf3 Nc6 3. Nc3 d6 4. d4 cxd4 5. Nxd4 g6 6. g3 Bg7 7. Nde2 f5 8. Bg2 Nf6 9. O-O a6 10. Nf4 e5 11. Nfd5 Be6 12. Be3 fxe4 13. Bb6 Qd7 14. Nc7+ Ke7 15. Nxa8 Rxa8 16. Nxe4 Nxe4 17. Bxe4 d5 18. Bg2 e4 19. c4 Bxb2 20. Rb1 Ba3 21. cxd5 Bxd5 22. Qa4 Bb4 23. Rxb4 Nxb4 24. Qxb4+ Qd6 25. Bc5 1-0

[Event "1st FIDE OWCCCC Pools-East 2021"]
[Site "Online"]
[Date "2021.02.19"]
[Round "1.9"]
[White "Anisimov, Pavel"]
[Black "Bemarkar, Kiran"]
[Result "1-0"]
[WhiteElo "2527"]
[BlackElo "1215"]
[Annotator "ChessBase"]
[PlyCount "117"]
[EventDate "2021.02.19"]
[EventType "team-tourn"]
[EventCountry "NET"]
[SourceTitle "playchess.com"]
[Source "ChessBase"]
[SourceQuality "1"]

1. d4 d5 2. Bf4 Nf6 3. e3 e6 4. Nd2 Bd6 5. Bg3 O-O 6. Bd3 c5 7. c3 Nc6 8. Ngf3 a6 9. Ne5 cxd4 10. exd4 Bxe5 11. dxe5 Nd7 12. Qh5 g6 13. Qe2 Qc7 14. Nf3 b5 15. Qe3 f5 16. exf6 e5 17. O-O Rxf6 18. Rfe1 Re6 19. Qg5 Bb7 20. Bf5 Re7 21. Rad1 Rae8 22. Rxd5 Nb6 23. Rdd1 Rg7 24. Be4 Rge7 25. h4 Nc4 26. b3 Nd6 27. Bd5+ Kg7 28. Nxe5 Nf5 29. Bxc6 Bxc6 30. Nd3 Rxe1+ 31. Rxe1 Rxe1+ 32. Nxe1 Nxg3 33. Qxg3 Qxg3 34. fxg3 h5 35. Kf2 a5 36. Ke3 a4 37. bxa4 bxa4 38. a3 Kf6 39. Nf3 Bb7 40. c4 Kf5 41. c5 Kg4 42. Kf2 Kf5 43. Ke3 Kg4 44. c6 Bc8 45. Ne5+ Kxg3 46. Nxg6 Kxg2 47. Kf4 Kf2 48. Kg5 Bg4 49. Ne5 Bc8 50. Kxh5 Ke3 51. Kg5 Kd4 52. Kf6 Kc3 53. h5 Kb3 54. h6 Kxa3 55. h7 Kb2 56. h8=Q a3 57. Nc4+ Kb3 58. Nxa3 Kxa3 59. Qxc8 1-0

[Event "1st FIDE OWCCCC Pools-East 2021"]
[Site "Online"]
[Date "2021.02.19"]
[Round "1.9"]
[White "Ismagambetov, Anuar"]
[Black "Szulc, Marek"]
[Result "1-0"]
[WhiteElo "2520"]
[BlackElo "1606"]
[Annotator "ChessBase"]
[PlyCount "83"]
[EventDate "2021.02.19"]
[EventType "team-tourn"]
[EventCountry "NET"]
[SourceTitle "playchess.com"]
[Source "ChessBase"]
[SourceQuality "1"]

1. e4 c5 2. Nf3 g6 3. d4 cxd4 4. Nxd4 Nc6 5. c4 Nf6 6. Nc3 d6 7. Be2 Nxd4 8. Qxd4 Bg7 9. Be3 O-O 10. Qd2 Ng4 11. Bxg4 Bxg4 12. O-O Re8 13. Bd4 Qa5 14. Bxg7 Kxg7 15. b3 Rac8 16. Qd4+ Qe5 17. Qxe5+ dxe5 18. f3 Be6 19. Rfd1 Red8 20. Kf2 a6 21. a4 f6 22. Ke3 Kf7 23. Rxd8 Rxd8 24. a5 Rd6 25. Na4 f5 26. Nc5 Bc8 27. Rc1 b6 28. axb6 Rxb6 29. Kd2 Rc6 30. Nd3 Kf6 31. Ra1 Bb7 32. Ke3 Rd6 33. Ra5 fxe4 34. fxe4 Rd4 35. Nc5 Bc8 36. Ra1 g5 37. Nxa6 g4 38. Nc5 h5 39. Rf1+ Kg5 40. Rf8 Bd7 41. Rd8 Bc6 42. Ne6+ 1-0

[Event "1st FIDE OWCCCC Pools-East 2021"]
[Site "Online"]
[Date "2021.02.19"]
[Round "1.9"]
[White "Devendra, Kumar D."]
[Black "Burg, Twan"]
[Result "0-1"]
[WhiteElo "2072"]
[BlackElo "2514"]
[Annotator "ChessBase"]
[PlyCount "110"]
[EventDate "2021.02.19"]
[EventType "team-tourn"]
[EventCountry "NET"]
[SourceTitle "playchess.com"]
[Source "ChessBase"]
[SourceQuality "1"]

1. e4 e5 2. Nf3 Nf6 3. Nxe5 d6 4. Nf3 Nxe4 5. d4 d5 6. Bd3 Bd6 7. O-O O-O 8. h3 Bf5 9. c4 dxc4 10. Bxc4 Nd7 11. Nc3 Nxc3 12. bxc3 h6 13. Be3 Qf6 14. Bd3 Rfd8 15. a4 c5 16. Bxf5 Qxf5 17. Qb1 Qxb1 18. Rfxb1 Rab8 19. Nd2 cxd4 20. cxd4 Nb6 21. a5 Nd5 22. Nf1 Rdc8 23. Rb3 f5 24. g3 f4 25. gxf4 Nxf4 26. Bxf4 Bxf4 27. Rab1 Rc7 28. Ne3 Rd7 29. Ng2 Bg5 30. Ne3 Bd8 31. a6 b6 32. d5 Bg5 33. Rd3 Rc8 34. Ng4 Bf4 35. Re1 h5 36. Ne5 Re7 37. Nf3 Rxe1+ 38. Nxe1 Rc1 39. Kf1 Bd6 40. Ke2 Ra1 41. Nf3 Rxa6 42. Nd4 Ra2+ 43. Kf3 Bc5 44. Nf5 Rxf2+ 45. Ke4 g6 46. Nh4 Rf6 47. Ke5 Kf7 48. Nf3 Bd6+ 49. Ke4 Rf4+ 50. Ke3 Ke7 51. Ng5 Rh4 52. Ke2 a5 53. Ne4 Rxe4+ 54. Kf3 Re5 55. Kf4 Rxd5+ 0-1

[Event "1st FIDE OWCCCC Pools-East 2021"]
[Site "Online"]
[Date "2021.02.19"]
[Round "1.9"]
[White "Biswaranjan, Rath"]
[Black "Shuvalova, Polina"]
[Result "0-1"]
[WhiteElo "1505"]
[BlackElo "2476"]
[Annotator "ChessBase"]
[PlyCount "60"]
[EventDate "2021.02.19"]
[EventType "team-tourn"]
[EventCountry "NET"]
[SourceTitle "playchess.com"]
[Source "ChessBase"]
[SourceQuality "1"]

1. e4 c6 2. d4 d5 3. e5 Bf5 4. Nc3 h6 5. Nf3 e6 6. Bd3 Ne7 7. O-O a6 8. Nh4 Bxd3 9. Qxd3 c5 10. Nf3 cxd4 11. Nxd4 Nbc6 12. Nxc6 Nxc6 13. f4 Rc8 14. a3 g6 15. b4 Be7 16. Ne2 Qc7 17. c3 Qb6+ 18. Kh1 Qb5 19. Qxb5 axb5 20. Bd2 Kd7 21. Rfc1 Ra8 22. Be3 Ra6 23. Nd4 Nxd4 24. cxd4 Rha8 25. Rc3 Bxb4 26. Rb3 Rxa3 27. Raxa3 Rxa3 28. Rxa3 Bxa3 29. Kg1 b4 30. Kf1 b3 0-1

[Event "1st FIDE OWCCCC Pools-East 2021"]
[Site "Online"]
[Date "2021.02.19"]
[Round "1.10"]
[White "Gurevich, Ilya"]
[Black "Verma, Saksham"]
[Result "1-0"]
[WhiteElo "2586"]
[BlackElo "1362"]
[Annotator "ChessBase"]
[PlyCount "59"]
[EventDate "2021.02.19"]
[EventType "team-tourn"]
[EventCountry "NET"]
[SourceTitle "playchess.com"]
[Source "ChessBase"]
[SourceQuality "1"]

1. d4 d5 2. Bg5 Nf6 3. Bxf6 gxf6 4. e3 Nc6 5. c4 Be6 6. Qc2 Qd7 7. Nd2 Nb4 8. Qc3 Nc6 9. Ngf3 Bf5 10. cxd5 Qxd5 11. Bc4 Qd7 12. e4 Bg6 13. d5 Ne5 14. Nxe5 fxe5 15. Qxe5 Rg8 16. Qf4 O-O-O 17. Rc1 e6 18. dxe6 fxe6 19. Bxe6 Bd6 20. Bxd7+ Rxd7 21. e5 Re8 22. Nf3 Rde7 23. O-O Bxe5 24. Nxe5 Rxe5 25. h3 Kb8 26. Kh2 Bd3 27. Rfe1 Rxe1 28. Qxc7+ Ka8 29. Qc8+ Rxc8 30. Rxc8# 1-0

[Event "1st FIDE OWCCCC Pools-East 2021"]
[Site "Online"]
[Date "2021.02.19"]
[Round "1.10"]
[White "Lapcevic, Milos"]
[Black "Kostic, Stefan"]
[Result "1-0"]
[WhiteElo "2371"]
[BlackElo "1944"]
[Annotator "NA"]
[PlyCount "85"]
[EventDate "2021.02.19"]
[EventType "team-tourn"]
[EventCountry "NET"]
[SourceTitle "playchess.com"]
[Source "ChessBase"]
[SourceQuality "1"]

1. d4 Nf6 2. c4 g6 3. Nc3 Bg7 4. e4 d6 5. Be2 O-O 6. Bg5 e5 7. dxe5 dxe5 8. Qxd8 Rxd8 9. Bxf6 Bxf6 10. Nd5 Nd7 11. Nxc7 Rb8 12. Nd5 Bg7 13. O-O-O b5 14. cxb5 Bb7 15. f3 Bxd5 16. Rxd5 Rdc8+ 17. Kb1 Nb6 18. Rd1 Nc4 19. Bxc4 Rxc4 20. Ne2 Bh6 21. Nc3 a6 22. Rd5 axb5 23. Rxb5 Rd8 24. Rd5 Rb8 25. Rd3 Rcb4 26. b3 Rc4 27. Rhd1 Rc7 28. Rd8+ Rxd8 29. Rxd8+ Kg7 30. Rd3 f5 31. Kb2 Kf7 32. b4 Ke6 33. Kb3 Bf8 34. a4 Rb7 35. Nd5 Kd6 36. a5 Kc6 37. Rc3+ Kd6 38. Ka4 h5 39. b5 h4 40. a6 Ra7 41. Ka5 h3 42. gxh3 Rh7 43. Rc6+ 1-0

[Event "1st FIDE OWCCCC Pools-East 2021"]
[Site "Online"]
[Date "2021.02.19"]
[Round "1.10"]
[White "Simpson, David R"]
[Black "Faron, Rafal"]
[Result "0-1"]
[WhiteElo "1642"]
[BlackElo "2168"]
[Annotator "NA"]
[PlyCount "64"]
[EventDate "2021.02.19"]
[EventType "team-tourn"]
[EventCountry "NET"]
[SourceTitle "playchess.com"]
[Source "ChessBase"]
[SourceQuality "1"]

1. e4 Nf6 2. Nc3 e5 3. Nf3 Nc6 4. Bb5 Bb4 5. Bxc6 bxc6 6. a3 Bxc3 7. bxc3 d6 8. d4 exd4 9. Qxd4 c5 10. Qc4 Bg4 11. Ng5 O-O 12. h3 Bh5 13. O-O h6 14. Nf3 Bxf3 15. gxf3 Nd7 16. Be3 Qh4 17. Kh2 Ne5 18. Qe2 Qh5 19. Kg3 f5 20. Bf4 fxe4 21. Bxe5 Rxf3+ 22. Qxf3 Qxf3+ 23. Kh2 dxe5 24. Rad1 Rf8 25. Rd7 Qe2 26. Rg1 Rxf2+ 27. Kg3 Qf3+ 28. Kh4 g5+ 29. Rxg5+ hxg5+ 30. Kxg5 Rg2+ 31. Kh4 Qf4+ 32. Kh5 Qg5# 0-1

[Event "1st FIDE OWCCCC Pools-East 2021"]
[Site "Online"]
[Date "2021.02.19"]
[Round "1.10"]
[White "Atkar, Sanjay"]
[Black "Abramov, Valentin"]
[Result "0-1"]
[WhiteElo "1548"]
[BlackElo "2271"]
[Annotator "NA RC"]
[PlyCount "132"]
[EventDate "2021.02.19"]
[EventType "team-tourn"]
[EventCountry "NET"]
[SourceTitle "playchess.com"]
[Source "ChessBase"]
[SourceQuality "1"]

1. d4 Nf6 2. Bf4 d5 3. e3 e6 4. Bd3 Bd6 5. Bg3 b6 6. Nd2 Bb7 7. Ngf3 O-O 8. Ne5 c5 9. c3 Nc6 10. f4 Rc8 11. O-O Ne7 12. Qf3 Nf5 13. Bf2 Nd7 14. g4 Ne7 15. Bh4 f6 16. Nxd7 Qxd7 17. Qh3 f5 18. Kf2 cxd4 19. cxd4 Ng6 20. Bg3 Rf7 21. a3 Rcf8 22. Rac1 fxg4 23. Qxg4 Nxf4 24. exf4 Rxf4+ 25. Bxf4 Rxf4+ 26. Qf3 e5 27. dxe5 Bxe5 28. Ke2 Rxf3 29. Rxf3 Bxb2 30. Rcf1 Bf6 31. Bf5 Qb5+ 32. Bd3 Qd7 33. Rg3 Qd6 34. Rh3 h6 35. Rhf3 Qxh2+ 36. Kd1 Qd6 37. Bg6 Bc6 38. Ke2 Bb5+ 39. Bd3 Be8 40. Kd1 Bh5 41. Kc1 Bxf3 42. Rxf3 Qc5+ 43. Kd1 Kf8 44. Bg6 Qg1+ 45. Kc2 Qxg6+ 46. Kb3 Qg4 47. Kc2 Qd4 48. Kc1 Ke7 49. Kc2 Bg5 50. Rd3 Qa4+ 51. Kc1 Bxd2+ 52. Kxd2 Kd6 53. Ke3 Qe4+ 54. Kd2 g5 55. Re3 Qf4 56. Ke2 d4 57. Rf3 Qe4+ 58. Kf2 g4 59. Rf6+ Kd5 60. Rf8 Qe3+ 61. Kg2 g3 62. Rf3 Qxf3+ 63. Kxf3 d3 64. Kxg3 d2 65. Kf2 d1=Q 66. Ke3 Qb3+ 0-1

[Event "1st FIDE OWCCCC Pools-East 2021"]
[Site "Online"]
[Date "2021.02.19"]
[Round "1.10"]
[White "Swiatek, Daniel"]
[Black "_ERG_Mazunin"]
[Result "0-1"]
[WhiteElo "1482"]
[BlackElo "1957"]
[Annotator "NA"]
[PlyCount "54"]
[EventDate "2021.02.19"]
[EventType "team-tourn"]
[EventCountry "NET"]
[SourceTitle "playchess.com"]
[Source "ChessBase"]
[SourceQuality "1"]

1. e4 c5 2. Nc3 g6 3. Nf3 Bg7 4. d4 cxd4 5. Nxd4 Nc6 6. Nxc6 bxc6 7. Be3 Rb8 8. Rb1 Rxb2 9. Bd4 Rxb1 10. Nxb1 Qa5+ 11. c3 Nf6 12. Bc4 e5 13. Be3 d5 14. Bb3 Nxe4 15. O-O O-O 16. Bd2 Nxd2 17. Qxd2 Be6 18. Rd1 h6 19. a4 Rb8 20. Qa2 Kh7 21. Nd2 Qxc3 22. h3 e4 23. Rb1 e3 24. fxe3 Qxe3+ 25. Kh1 Bxh3 26. gxh3 Qxh3+ 27. Kg1 Bd4# 0-1

[Event "1st FIDE OWCCCC Pools-East 2021"]
[Site "Online"]
[Date "2021.02.19"]
[Round "1.11"]
[White "GMaster"]
[Black "Erigaisi Arjun"]
[Result "1-0"]
[WhiteElo "2351"]
[BlackElo "2559"]
[Annotator "ChessBase"]
[PlyCount "67"]
[EventDate "2021.02.19"]
[EventType "team-tourn"]
[EventCountry "NET"]
[SourceTitle "playchess.com"]
[Source "ChessBase"]
[SourceQuality "1"]

1. e4 e5 2. Nf3 d6 3. d4 exd4 4. Nxd4 Nf6 5. Nc3 a6 6. a4 h6 7. Bc4 Bg4 8. f3 Bh5 9. O-O Qd7 10. Be3 Nc6 11. Nd5 Be7 12. Nxe7 Nxe7 13. Qd2 O-O-O 14. b4 d5 15. exd5 Nexd5 16. Bf2 Nb6 17. Bd3 g5 18. a5 Nbd5 19. Bf5 Qxf5 20. Nxf5 g4 21. Ng3 gxf3 22. Nxh5 Nxh5 23. Bg3 fxg2 24. Rxf7 Nxg3 25. hxg3 h5 26. c4 Nf6 27. Qf4 Nd7 28. Rd1 Rhf8 29. Rdxd7 Rxd7 30. Rxf8+ Rd8 31. Qf5+ Kb8 32. Rxd8+ Ka7 33. Qc5+ b6 34. Qxc7# 1-0